| 000 | 00639nam a2200217 i 4500 | ||
|---|---|---|---|
| 001 | 000006342 | ||
| 005 | 20200929153923.0 | ||
| 008 | 801120s1977 sp 000 0 spa | ||
| 020 | _a8472321398 | ||
| 040 |
_aDO-SdBNP _bspa _cBNPHU |
||
| 082 |
_a862.44 _bE79c |
||
| 100 | 1 |
_aEsteban Urruty, Enrique _917664 |
|
| 245 | 1 | 3 |
_aLa cabeza en el pozo / _cEnrique Esteban Urruty. |
| 260 |
_aMadrid : _bEdiciones Cultura Hispánica, _c1977. |
||
| 300 |
_a64 p. ; _c22 cm. |
||
| 490 | 1 | _aTeatro | |
| 650 | 4 |
_aTeatro español _93071 |
|
| 650 | 4 |
_aLiteratura española _9632 |
|
| 830 | 0 |
_aTeatro _95617 |
|
| 910 | _aValidado. Control de calidad BNPHU | ||
| 999 |
_c6137 _d6137 |
||